| 000 | 00461nam a2200181Ia 4500 | ||
|---|---|---|---|
| 008 | 240925s9999 xx 000 0 und d | ||
| 020 | _a9781119984559 | ||
| 082 | _a658.421 TUR | ||
| 100 | _a Turner, Richard | ||
| 245 | 4 | _aThe essential entrepreneur | |
| 250 | _aN/A | ||
| 260 |
_aNew York: _bJohn Wiley & Sons _c,2023. |
||
| 300 |
_a187p. _bNA _fOriginal |
||
| 500 | _aIncludes Index | ||
| 600 | _aManagement | ||
| 650 | _aEnterpreneurship | ||
| 942 | _cBK | ||
| 999 |
_c18266 _d18266 |
||